Tratado de derecho electoral comparado de América Latina /
محفوظ في:
| المؤلف الرئيسي: | |
|---|---|
| مؤلفون آخرون: | , |
| التنسيق: | نص |
| الموضوعات: | |
| الوسوم: |
إضافة وسم
لا توجد وسوم, كن أول من يضع وسما على هذه التسجيلة!
|
MARC
| LEADER | 00000 a a2200000 04500 | ||
|---|---|---|---|
| 001 | 12388 | ||
| 003 | |||
| 040 | |||
| 100 | |a Dieter, Nohlen | ||
| 245 | |a Tratado de derecho electoral comparado de América Latina / |c Nohlen Dieter | ||
| 500 | |a Datos de Edición: Fondo de Cultura Económica, 1998. 856 p | ||
| 650 | |a SISTEMAS ELECTORALES | ||
| 650 | |a DELITOS | ||
| 650 | |a LEGISLACION | ||
| 650 | |a RESEÑAS BIBLIOGRAFICAS | ||
| 700 | |a comp |a Picado, Sonia | ||
| 700 | |a Zovatto, Daniel | ||
| 773 | |g volumen 10, número 20; páginas 243-246 | ||
| 999 | |c 21107 |d 21107 | ||
